| 000 | 00371 a2200145 4500 | ||
|---|---|---|---|
| 001 | 163020 | ||
| 020 | _a | ||
| 040 | _cMagnum | ||
| 100 | _aZico, Jose Tobias | ||
| 240 | 1 | 0 |
_aCaraca: peregrinacao, cultura, turismo - minas gerais _lpor |
| 245 | 1 | 0 | _aCaraca: peregrinacao, cultura, turismo - minas gerais |
| 362 | 0 | _a1899 | |
| 697 | _aORGANIZACAO SOCIAL | ||
| 942 | _cBK | ||
| 999 |
_c163020 _d163020 |
||